| 000 | 00523cam a2200193ua 4500 | ||
|---|---|---|---|
| 020 | _c2.00 | ||
| 041 |
_aeng _h |
||
| 082 |
_a352.00722 _bLAL/PE |
||
| 100 | _aLalit.k.sen, . | ||
| 245 |
_aPeoples image of community development and panchayati raj / _cLalit.k.sen. _hTextual Documents |
||
| 260 |
_a : _bNational Institute of Community Development , _c1963. |
||
| 300 | _a31 ; . | ||
| 365 | _a2.00 | ||
| 504 | _a | ||
| 700 | 1 | _aGaikwad, V.R . | |
| 700 | 1 | _aVerma, G.L . | |
| 942 | _cBK | ||
| 999 |
_c2098 _d2098 |
||